Music Quiz

Random Music or Blitz Quiz
Score 0/18 Timer 01:30
0 Plays Today
Question Answer Wrong Answers
Toto, 'Africa' Original
100%
Cover
0%
Michael Jackson, 'Smooth Criminal' Original
95%
Cover
0%
Don Henley, 'Boys of Summer' Original
95%
Cover
2.5%
Nancy Sinatra, 'These Boots Are Made For Walkin'' Original
90%
Cover
10%
Jessica Simpson, 'These Boots Are Made For Walkin'' Cover
90%
Original
10%
Weezer, 'Africa' Cover
90%
Original
7.5%
The Trashmen, 'Surfin' Bird' Original
87.5%
Cover
12.5%
Soundgarden, 'Rusty Cage' Original
87.5%
Cover
12.5%
Carl Perkins, 'Blue Suede Shoes' Original
85%
Cover
15%
Elvis Presley, 'Blue Suede Shoes' Cover
85%
Original
15%
Alien Ant Farm, 'Smooth Criminal' Cover
85%
Original
15%
The Ataris, 'Boys of Summer' Cover
85%
Original
15%
Guess Who, 'American Woman' Original
82.5%
Cover
15%
Lenny Kravitz, 'American Woman' Cover
82.5%
Original
15%
Ramones, 'Surfin' Bird' Cover
77.5%
Original
20%
Dixie Chicks, 'Goodbye Earl' Original
72.5%
Cover
27.5%
Me First and the Gimme Gimmes, 'Goodbye Earl' Cover
67.5%
Original
30%
Johnny Cash, 'Rusty Cage' Cover
60%
Original
37.5%
Come Together.
Have Fun.
All Virtual.
We all need to come together. Play Sporcle's virtual live trivia to have fun, connect with people, and get your trivia on. Join a live hosted trivia game for your favorite pub trivia experience done virtually. If a virtual private party is more your thing, go here for details.

You're not logged in!

Compare scores with friends on all Sporcle quizzes.
OR
Log In

Sporcle TV

Today on Sporcle TV


Watch our educational content, quiz creation guides, and fun videos on Sporcle TV.

Show Comments

Extras

Top Quizzes Today


Score Distribution

Paid Content

Your Account Isn't Verified!

In order to create a playlist on Sporcle, you need to verify the email address you used during registration. Go to your Sporcle Settings to finish the process.

Report this User

Report this user for behavior that violates our Community Guidelines.

Details: